U.S. States That Should Lose the Most Counties - Statistics

General Stats
  • This quiz has been taken 105 times
  • The average score is 8 of 11
Answer Stats
State Counties Lost % Correct
Kansas -78
81%
North Dakota -46
80%
South Dakota -57
80%
Iowa -69
77%
Nebraska -74
76%
Arkansas -46
72%
Mississippi -55
71%
Georgia -55
63%
Kentucky -78
62%
Missouri -57
60%
Virginia -51
38%
No matching quizzes found
Score Distribution
Percent of People with Each Score
Percentile by Number Answered
Your Score History
You have not taken this quiz